000 00754nam a2200229Ia 4500
008 191130s1999##################000#0#eng##
020 _a9780521641845
022 _a98025034
040 _aACL
_cACL
082 _a306.6 EIS
100 _aEisenstadt, S. N
245 _aFundamentalism, sectarianism, and revolution : the Jacobin dimension of modernity
_cS.N. Eisenstadt
260 _aCambridge
_bCambridge University Press
_c1999
300 _axi, 280 p. ; 23 cm
500 _aIncludes bibliographical references (p. 244-269) and index
650 _aCivilization, Modern
650 _aRadicalism
650 _aReligious fundamentalism - Political aspects
990 _a9f3d685cac10000c4d325ac20acacf25
991 _a211836
999 _c264179
_d264179